DHS in transition : are financial management problems hindering mission effectiveness? : hearing before the Subcommittee on Government Management, Finance, and Accountability of the Committee on Government Reform, House of Representatives, One Hundred Ninth Congress, first session, July 27, 2005.

Bibliographic Details
Corporate Authors: United States. Congress. House. Committee on Government Reform. Subcommittee on Government Management, Finance, and Accountability, ProQuest (Firm)
Format: eBook
Language:English
Published: Washington : U.S. G.P.O. : 2005.
Series:U.S. Congressional Hearings.
Subjects:
Online Access:Connect to the full text of this electronic book

MARC

Tag First Indicator Second Indicator Subfields
LEADER 00000cam a22000001a 4500
001 in00003285167
006 m d f
007 cr bn mmmapmmp
008 110909s2005 dcu o f000 0 eng d
005 20260504145510.3
035 |a chdc200600298 
040 |a ProQuest  |c ProQuest  |d UtOrBLW 
043 |a n-us--- 
074 |a 1016-A 
074 |a 1016-A (online) 
074 |a 1016-B (MF) 
074 |a 1016-B (online) 
088 |a Serial no. 109-82 (United States. Congress. House. Committee on Government Reform) 
099 |a HRG-2005-HGR-0227 
110 1 |a United States.  |b Congress.  |b House.  |b Committee on Government Reform.  |b Subcommittee on Government Management, Finance, and Accountability. 
245 1 0 |a DHS in transition :  |b are financial management problems hindering mission effectiveness? : hearing before the Subcommittee on Government Management, Finance, and Accountability of the Committee on Government Reform, House of Representatives, One Hundred Ninth Congress, first session, July 27, 2005. 
264 1 |a Washington :  |b U.S. G.P.O. :  |c 2005. 
264 2 |a Washington :  |b For sale by the Supt. of Docs., U.S. G.P.O., 
300 |a 1 online resource. 
336 |a text  |b txt  |2 rdacontent 
337 |a computer  |b c  |2 rdamedia 
338 |a online resource  |b cr  |2 rdacarrier 
500 |a Distributed to some depository libraries in microfiche. 
500 |a Shipping list number: 2006-0108-P. 
500 |a "Serial number 109-82." 
530 |a Also available via Internet from the GPO Access web site. Address as of 2/14/06: http://frwebgate.access.gpo.gov/cgi-bin/getdoc.cgi?dbname=109%5Fhouse%5Fhearings&docid=f:24086.pdf; current access available via PURL. 
500 |a Reuse of record except for individual research requires license from ProQuest, LLC. 
500 |a Electronic resource. 
538 |a System requirements: PDF reader software. 
610 1 0 |a United States.  |b Department of Homeland Security  |x Appropriations and expenditures. 
610 1 0 |a United States.  |b Department of Homeland Security  |x Accounting. 
650 0 |a Waste in government spending  |z United States. 
655 7 |a Electronic books.  |2 local 
710 2 |a ProQuest (Firm) 
776 0 8 |i Print version:  |a United States.Congress.House.Committee on Government Reform.Subcommittee on Government Management, Finance, and Accountability.  |t DHS in transition  |w (DLC)2006415108  |w (OCoLC)ocm63788447  |z 0160754763 
776 0 8 |i Microfiche version:  |a United States.Congress.House.Committee on Government Reform.Subcommittee on Government Management, Finance, and Accountability.  |t DHS in transition  |d [Bethesda, Md.] : ProQuest LLC, [2004]  |o CIS 2006 H401-7  |w (ProQuest)cis00600504 
830 0 |a U.S. Congressional Hearings. 
856 4 0 |u http://proxy.library.tamu.edu/login?url=https://congressional.proquest.com/congcomp/getdoc?HEARING-ID=HRG-2005-HGR-0227  |z Connect to the full text of this electronic book  |t 0 
948 |a cis00600504 
999 |a MARS 
999 f f |s 44c87eda-eb1b-315a-a9fa-1c6eb981482f  |i 0e78ce67-d746-3784-9953-bf4200fd539b  |t 0 
952 f f |a Texas A&M University  |b College Station  |c Electronic Resources  |s www_evans  |d Available Online  |t 0  |e HRG-2005-HGR-0227  |h Other scheme 
998 f f |a HRG-2005-HGR-0227  |t 0  |l Available Online